00489nam a2200157Ia 4500008004100000020001500041082001600056100002200072245012000094250000700214260003100221300003000252500001900282600001500301650001500316240925s9999 xx 000 0 und d a1853837733 a658.15. HOL aHolloway, Richard 0aTowards Financial Self-reliance: a hand book on resource mobilization for civil society organizations in the south  aNA aLondon:bEarthscanc,2001. axxii,1076p.bNAfOriginal aIncludes Index aManagement aManagement